000 00576nam a2200169 a 4500
008 120416s1972 ||||||||||||||||| || u
020 _a0002720035
050 _aDT 433.52 Rub
100 _aRuben, Hilary
245 1 0 _aAfrican harvest
260 _aLondon
_bHarvill Press
_c1972.
300 _a191p. : ill.
350 _a0.00
650 _aKenya - Description and travel
650 _aRuben, Hilary
995 _D0.00
_FCBU-MAIN LIBRARY (Kitwe)
_H1
_I7.25
_M1
_UAVAILABLE
_WSep 6, 2006
_ZMain Library Open Access Collection
999 _c33753
_d33753